Regula B. Augustini episcopi, et constitutiones fratrum ordinis Praedicatorum, cum aliis ut in sequenti pagina

Detalles Bibliográficos
Otros Autores: Agustín santo ob. de Hipona 354-430
Formato: Libro
Lenguaje:Latin
Publicado: Barcinone 1620
Materias:
Colección:Banco de datos
Acervo:Biblioteca Armando Olivares Carrillo de la Universidad de Guanajuato. Fondo Conventos
Descripción Física:[8], 191, [16], 88 h. 8°
Tema general:Religiosos
Notas:Colofón: Barcinone: apud S. Catherinae Martyris Coenobium excudebat Sebastianis Matheuad, 1620
LEADER 01005nam a22001930004500
035 |a 3375 
041 0 |a lat 
050 4 |a BV4405  |b R4 
245 1 0 |a Regula B. Augustini episcopi, et constitutiones fratrum ordinis Praedicatorum, cum aliis ut in sequenti pagina 
260 |a Barcinone  |b apud S. Catharinam mayrtirem  |c 1620 
300 |a [8], 191, [16], 88 h.  |c 8° 
500 |a Colofón: Barcinone: apud S. Catherinae Martyris Coenobium excudebat Sebastianis Matheuad, 1620 
505 0 0 |a Incipiunt constitutiones sororum ordinis praedicatorum 144 h.-- Formularium principalium actuum, ad officium prioris provincialis & conventualis ordinis pradicatorum spectantium, cum forma electionum et capitulotum faciendorum iuxta novam constitionum editionem, reformatum 88 h. 
650 1 0 |a Religiosos 
700 1 |a Agustín  |c santo  |c ob. de Hipona  |d 354-430  
949 |a CO. 6052 
942 |c GUANAJUATO 
943 |g Biblioteca Armando Olivares Carrillo de la Universidad de Guanajuato. Fondo Conventos 
999 |c 1147332  |d 1147332